Economic growth and income disparity in BRIC : theory and empirical evidence /

Bibliographic Details
Main Author: Das, Monica.
Other Authors: Das, Sandwip Kumar.
Format: eBook
Language:English
Published: New Jersey : World Scientific, [2014]
Subjects:
Online Access:Click to View
LEADER 02131nam a2200517 i 4500
001 EBC1561241
003 MiAaPQ
005 20200520144314.0
006 m o d |
007 cr cnu||||||||
008 130718t20142014njua ob 001 0 eng|d
020 |z 9789814415910 
020 |a 9789814415927  |q (electronic bk.) 
035 |a (MiAaPQ)EBC1561241 
035 |a (Au-PeEL)EBL1561241 
035 |a (CaPaEBR)ebr10801011 
035 |a (CaONFJC)MIL543279 
035 |a (OCoLC)860388405 
040 |a MiAaPQ  |b eng  |e rda  |e pn  |c MiAaPQ  |d MiAaPQ 
043 |a s-bl---  |a e-ru---  |a a-cc---  |a a-ii--- 
050 4 |a HC59.72.I5  |b D37 2014 
082 0 |a 339.2  |2 23 
100 1 |a Das, Monica. 
245 1 0 |a Economic growth and income disparity in BRIC :  |b theory and empirical evidence /  |c Monica Das, Sandwip Kumar Das. 
264 1 |a New Jersey :  |b World Scientific,  |c [2014] 
264 4 |c 2014 
300 |a 1 online resource (166 pages) :  |b color illustrations 
336 |a text  |2 rdacontent 
337 |a computer  |2 rdamedia 
338 |a online resource  |2 rdacarrier 
504 |a Includes bibliographical references and index. 
588 |a Description based on print version record. 
590 |a Electronic reproduction. Ann Arbor, MI : ProQuest, 2015. Available via World Wide Web. Access may be limited to ProQuest affiliated libraries. 
650 0 |a Income distribution  |z Brazil. 
650 0 |a Income distribution  |z Russia (Federation) 
650 0 |a Income distribution  |z India. 
650 0 |a Income distribution  |z China. 
650 0 |a Economic development  |z Brazil. 
650 0 |a Economic development  |z Russia (Federation) 
650 0 |a Economic development  |z India. 
650 0 |a Economic development  |z China. 
655 4 |a Electronic books. 
700 1 |a Das, Sandwip Kumar. 
776 0 8 |i Print version:  |a Das, Monica.  |t Economic growth and income disparity in BRIC : theory and empirical evidence.  |d New Jersey : World Scientific, [2014]  |h xii, 153 pages  |z 9789814415910  |w (DLC) 2013027371 
797 2 |a ProQuest (Firm) 
856 4 0 |u https://ebookcentral.proquest.com/lib/matrademy/detail.action?docID=1561241  |z Click to View